000 01123nam a2200289 i 4500
003 DO-SdBNP
005 20240902152704.0
007 ta
008 240902b1988 dr c|||| |||| 00| 0 spa d
040 _aDO-SdBNP
_bspa
_cBNPHU
_erda
082 4 _222
100 _aPané, Fray Ramón,
_eautor
_4aut.
_955212
245 1 0 _aRelación acerca de las antigüedades de los indios /
_cFray Ramón Pañé ; prólogo y notas, Hugo E. Polanco Brito ; edición, Andrés Blanco Díaz
264 _aSanto Domingo :
_bEdiciones de la Fundación Corripio,
_c1988.
300 _avolumenes :
_bretratos ;
_c24 cm.
336 _atexto
_btxt
_2content
337 _asin mediación
_bn
_2rdamedia
338 _avolumen
_bnc
_2rdacarrier
490 _aBiblioteca de Clásicos Dominicanos
_v2
500 _aLa biblioteca posee la reimpresión de 1994.
500 _aIncluye referencias bibliográficas y notas al pie de las páginas
590 _aInventariado, 2024/BT
700 1 _aPolanco Brito, Hugo E.,
_eprólogo y notas
_4pról., n.
_97924
700 1 _aBlanco Díaz, Andrés,
_eeditor
_4ed.
_9172
910 _aBtavárez
942 _2ddc
_cLBS1
999 _c57604
_d57604